01181nam a2200193Ia 4500001001100000003001000011008004100021040002500062041001300087100003800100245008400138250001100222260006600233300001200299500026200311501011400573520026200687650003800949L630-26821IT-CnALBA170116s9999||||xx |||||||||||||| ||und|| aIT-CnALBAcIT-CnALBA aITALIANO aSPERONE GIACOMO, SACERDOTE ALBESE 0aL'AGRICOLTURA MODERNA. MANUALE PRATICO PER I CONTADINI E PER LE SCUOLE SERALI.  a2a ed. aALBA (CN)bSCUOLA TIPOGRAFICA EDITRICE c1922 [1° Ed.: n.d.] a196 p.  aBIBLIOTECA CAN. CHIESA. FERTILIZZANTI: QUALITÀE BISOGNI DELLA TERRA E DEL LE PIANTE. SISTEMA SOLARI. CONCIME NATURALE O LETAME DI STALLA. CONCIMI CHIMICI. ROTAZIONI. ARATURA. SEMINA. CONCIMAZIONE. MIETITURA. TREBBIATURA. MELIGA E PATATE. IL PRATO. ERBAI.  aSocietà San Paolo EM - Piazza San Paolo, 14 - 12051 ALBA (CN) (non commercial uses only) ® Copyright 2017 aBIBLIOTECA CAN. CHIESA. FERTILIZZANTI: QUALITÀE BISOGNI DELLA TERRA E DEL LE PIANTE. SISTEMA SOLARI. CONCIME NATURALE O LETAME DI STALLA. CONCIMI CHIMICI. ROTAZIONI. ARATURA. SEMINA. CONCIMAZIONE. MIETITURA. TREBBIATURA. MELIGA E PATATE. IL PRATO. ERBAI.  aAGRICOLTURA E TECNOLOGIE RELATIVE